000
00283cam a22000977a 4500
008
180718b1961 xxu||||| |||| 00| 0 eng d
082
_a
Lx54 In2/6/mr
245
_a
Memorandum presented to the finance commission
260
_a
Jaipur
_b
The Government Central Press
_c
1961
300
_a
49+p.
999
_c
500229
_d
500229